NLSUI OPAC header image

A modern introduction to international law / (Record no. 115466)

MARC details
000 -LEADER
fixed length control field 01707cam a2200289 a 4500
001 - CONTROL NUMBER
control field 615453
003 - CONTROL NUMBER IDENTIFIER
control field OSt
005 - DATE AND TIME OF LATEST TRANSACTION
control field 20200914233033.0
008 - FIXED-LENGTH DATA ELEMENTS--GENERAL INFORMATION
fixed length control field 920609r19931987enk b 001 0 eng
010 ## - LIBRARY OF CONGRESS CONTROL NUMBER
LC control number 92021948
020 ## - INTERNATIONAL STANDARD BOOK NUMBER
International Standard Book Number 9780367271381
040 ## - CATALOGING SOURCE
Original cataloging agency DLC
Transcribing agency DLC
Modifying agency DLC
050 00 - LIBRARY OF CONGRESS CALL NUMBER
Classification number JX1308
Item number .A43 1993
082 00 - DEWEY DECIMAL CLASSIFICATION NUMBER
Classification number 341 AKE
Edition number 20
100 1# - MAIN ENTRY--PERSONAL NAME
Personal name Akehurst, Michael Barton.
245 12 - TITLE STATEMENT
Title A modern introduction to international law /
Statement of responsibility, etc. Michael Akehurst.
250 ## - EDITION STATEMENT
Edition statement 8th ed.
260 ## - PUBLICATION, DISTRIBUTION, ETC.
Place of publication, distribution, etc. London ;
-- New York :
Name of publisher, distributor, etc. Routledge,
Date of publication, distribution, etc. 2019
300 ## - PHYSICAL DESCRIPTION
Extent 315 p. ;
Dimensions 24 cm.
500 ## - GENERAL NOTE
General note Originally published: 6th ed. 1987.
504 ## - BIBLIOGRAPHY, ETC. NOTE
Bibliography, etc. note Includes bibliographical references and index.
505 ## - FORMATTED CONTENTS NOTE
Formatted contents note Table of contents<br/><br/>1. Introduction 2. History and Theory 3. Sources of International Law 4. International Law and Municipal Law 5. States and Government 6. International Organisations, Individuals, Companies and Groups 7. Jurisdiction 8. Immunity from Jurisdiction 9. Treaties 10. Acquisition of Territory 11. Legal Consequences of Changes of Sovereignty over Territory 12. The Law of the Sea 13. Air Space and Outer Space 14. Human Rights 15. Economy 16. Environment 17. State Responsibility 18. Peaceful Settlement of Disputes between States 19. International Wars, Civil Wars and the Right to Self-Determination 20. Means of Waging Wars and Criminal Responsibility 21. The Charter and the Organs of the United Nations 22. The United Nations and Peace and Security <br/>
650 #0 - SUBJECT ADDED ENTRY--TOPICAL TERM
Topical term or geographic name entry element International law.
906 ## - LOCAL DATA ELEMENT F, LDF (RLIN)
a 7
b cbc
c orignew
d 1
e ocip
f 19
g y-gencatlg
942 ## - ADDED ENTRY ELEMENTS (KOHA)
Source of classification or shelving scheme Dewey Decimal Classification
Koha item type BOOKs
Holdings
Withdrawn status Lost status Source of classification or shelving scheme Materials specified (bound volume or other part) Damaged status Not for loan Home library Current library Shelving location Date acquired Source of acquisition Cost, normal purchase price Total Checkouts Full call number Barcode Date last seen Date last checked out Price effective from Koha item type
    Dewey Decimal Classification PB     NLS NLS General Stacks 04/09/2019 Purchased 1298.00 8 341 AKE 37743 20/02/2025 04/11/2024 04/09/2019 BOOKs